| 000 | 00568cam a22002053a 4500 | ||
|---|---|---|---|
| 001 | 45202 | ||
| 003 | PGUSA | ||
| 005 | 20140828084032.0 | ||
| 008 | 140324s2014||||xxu|||||s|||||000 | eng d | ||
| 040 |
_aPGUSA _beng |
||
| 042 | _adc | ||
| 100 | 1 | _aDurston, George | |
| 245 | 1 | 4 |
_aThe Boy Scouts to the Rescue _h[electronic resource] / _cGeorge Durston |
| 260 |
_bProject Gutenberg, _c2014 |
||
| 506 | _aPublic domain in the USA. | ||
| 516 | _aElectronic text | ||
| 830 | 0 |
_aProject Gutenberg _v45202 |
|
| 856 | 4 | 0 | _uhttp://www.gutenberg.org/ebooks/45202 |
| 942 | _cEB | ||
| 999 |
_c274453 _d274453 |
||